Practical secretary's manual and guide
সংরক্ষণ করুন:
| প্রধান লেখক: | |
|---|---|
| বিন্যাস: | গ্রন্থ |
| ভাষা: | Undetermined |
| প্রকাশিত: |
West Nyack, New York
Parker
1978
|
| বিষয়গুলি: | |
| ট্যাগগুলো: |
ট্যাগ যুক্ত করুন
কোনো ট্যাগ নেই, প্রথমজন হিসাবে ট্যাগ করুন!
|
| Thư viện lưu trữ: | Trung tâm Học liệu Trường Đại học Cần Thơ |
|---|
| LEADER | 00551nam a2200181Ia 4500 | ||
|---|---|---|---|
| 001 | CTU_43162 | ||
| 008 | 210402s9999 xx 000 0 und d | ||
| 082 | |a 651.3741 | ||
| 082 | |b L898 | ||
| 100 | |a Yvonne Lovely | ||
| 245 | 0 | |a Practical secretary's manual and guide | |
| 245 | 0 | |c Yvonne Lovely | |
| 260 | |a West Nyack, New York | ||
| 260 | |b Parker | ||
| 260 | |c 1978 | ||
| 650 | |a office practice - handbooks, manuals, etc,secretaries - handbooks, manuals, etc | ||
| 904 | |i Minh, 010830 | ||
| 980 | |a Trung tâm Học liệu Trường Đại học Cần Thơ | ||